| 000 | 00867nas a2200301 4500 | ||
|---|---|---|---|
| 001 | BR0501851 | ||
| 003 | BR-BrBNA | ||
| 005 | 20231205105227.0 | ||
| 007 | ta | ||
| 008 | 230509b bl.|||p| |||| 00| 00por d | ||
| 040 |
_aBR-BrBNA _bpor _cBiblioteca Nacional de Agricultura |
||
| 041 | _a(Pt) | ||
| 072 | _aF03; J11 | ||
| 100 | 1 | _aPinto, A.M. | |
| 100 | 1 | _aInoue, M.T. | |
| 100 | 1 | _aNogueira, A.C. | |
| 245 | 1 | _aConservação e vigor de sementes de pau-de-balsa (Ochroma pyramidale) | |
| 650 | _aOCHROMA PYRAMIDALE | ||
| 650 | _aPAU-DE-BALSA | ||
| 650 | _aSEMENTE | ||
| 650 | _aGERMINAÇÃO | ||
| 650 | _aTESTE DE VIGOR | ||
| 650 | _aARMAZENAMENTO | ||
| 650 | _aTEMPERATURA | ||
| 773 | 0 |
_tActa Amazônica (Brazil) _xISSN 0044-5967 _g(Apr-Jun 2004), v. 34(2) p. 233-236 _wBR0501851 |
|
| 909 |
_a202311 _bLúcia _c55 _dLúcia Elande |
||
| 942 |
_2AGRIS _n0 _cANA |
||
| 999 |
_c181867 _d181867 |
||